000 00635cam a2200205 4500
001 ABS62209
008 000000n2000 000 0 eng u
035 _a(Sirsi) u105830
245 _aAgents get web insight
260 _c2000
490 _aEstates Gazette
_v(0016) 22 April 2000, 130-131(2)
520 _aComments on the findings of an "EG" survey examining the impact of internet usage for estate agents. Lists agents' favourite sites.
590 _aABS
650 _aESTATE AGENCY
650 _aINTRANET
650 _aINTERNET
650 _aPROPERTY AGENTS
690 _aINFORMATION TECHNOLOGY-INTERNET
942 _n0
999 _c63372
_d63372